The Poa glauca group in the Western Carpathians Poa sejuncta sp. nova and Poa babiogorensis sp. nova II.

Bibliographic Details
Main Authors: Bernátová, Dana, 1947- (Author), Májovský, Jozef, 1920-2012 (Author), Obuch, Ján, 1951- (Author)
Format: Article
Language:Slovak
English
PhysicalDescription:Tab.
ISSN:0006-3088
Subjects:

MARC

LEADER 00000nab a2200000 a 4500
001 vtls000767220
003 SK-MaSNL
005 20260426083126.0
008 250429c1999 xo 0 slo
015 |a SNBRB2001/10-28261 
035 |a CLN000119007 
035 |a urn:nbn:sk:snk-abbuky 
035 |a (urnnbn)urn:nbn:sk:snk:ar-0017cv 
035 |a (uuid)e67ba01d-787d-488e-a613-1b5876d4f846 
040 |a SNKBUCL  |b slo  |c SNKBUCL  |e AACR2 
041 0 |a eng 
044 |a xo  |c SK 
080 |a 582.542.1(438)(437.6):581.5  |2 1997 
080 |a 581.5(438)(437.6)  |2 1997 
100 1 |a Bernátová, Dana,  |d 1947-  |4 aut  |9 223794 
245 1 4 |a The Poa glauca group in the Western Carpathians  |b Poa sejuncta sp. nova and Poa babiogorensis sp. nova  |n II.  |c Dana Bernátová, Jozef Májovský, Ján Obuch 
300 |b Tab. 
504 |a Res. angl. 
504 |a Bibliogr. odkazy 
650 0 7 |a lipnica sivastá  |z Západné Karpaty (Slovensko, Poľsko)  |2 snkbucl  |9 1443146 
650 0 7 |a Poa sejuncta  |z Západné Karpaty (Slovensko, Poľsko)  |2 snkbucl  |9 1443147 
650 0 7 |a Poa babiogorensis  |z Západné Karpaty (Slovensko, Poľsko)  |2 snkbucl  |9 1443148 
650 0 7 |a porovnávacia anatómia  |2 snkbucl  |9 2597 
650 0 7 |a klasifikácia  |x metódy  |2 snkbucl  |9 846513 
650 0 7 |a trávy  |2 snkbucl  |9 15080 
651 7 |a Západné Karpaty (pohorie)  |2 SNKPHgeo  |9 175174 
651 7 |a Slovensko  |2 snkbucl  |9 14231 
651 7 |a Poľsko  |2 snkbucl  |9 16755 
655 7 |a články z novín a časopisov  |2 snkbucl  |9 267496 
700 1 |a Májovský, Jozef,  |d 1920-2012  |4 aut  |9 207497 
700 1 |a Obuch, Ján,  |d 1951-  |4 aut  |9 6761 
773 0 |t Biologia  |g Roč. 54, č. 1 (1999), s. 37-41  |x 0006-3088 
850 |a Slovenská národná knižnica 
852 |a Slovenská národná knižnica 
954 |a odborná, vedecká literatúra pôvodná (slovenská)  |2 lita 
958 |a article15 
958 |a PL 
958 |a NB 
958 |a SK 
958 |a OND 
958 |a EUIPO 
992 |a RBX 
999 |c 2895848  |d 2897778